000 00966cam a2200193 4500
001 ABS67256
008 031127n2003 000 0 eng u
035 _a(Sirsi) u124503
100 _aDyer, C.
245 _aStop falling for it
260 _c2003
490 _aHealth and Safety Bulletin
_v(323) November 2003, 21-23(3)
520 _aReports on research that aims to give companies practical tools to control the risks of falls from height, which is the commonest cause of UK workplace deaths. Looks at how the causes of falls can be split into where and how, and why. Highlights how improvements can be made in compliance, which can also lead to economic benefits. Tables deal with statistics dividing falls into categories of fatal injuiries, major injuries and over-three-day injuries and provide a risk control toolkit.
590 _aABS
650 _aWORKPLACE ACCIDENTS
650 _aRISK CONTROL
690 _aHealth and safety
_96244
942 _n0
999 _c73882
_d73882